000 01085nam a2200349 i 4500
001 32963
003 KOSZ 005
005 20221116094749.0
008 981203s1997 pl a |000 0 pol
015 _aPB 1998/16317
020 _a8387493007
040 _aWA N
_cWA N
_dKOSZ 005/HR
041 0 _apol
046 _k1997
080 _a005.2
100 1 _aMartyniak, Zbigniew
_d(1936-2002)
_eAutor
245 1 0 _aOrganizacja i zarządzanie :
_b15 efektywnych metod /
_cZbigniew Martyniak.
260 _aKluczbork :
_b"Antykwa",
_c1997.
300 _a217 s. :
_brys., wykr. ;
_c29 cm.
336 _2rdacontent
_aTekst
_btxt
337 _2rdamedia
_aBez urządzenia pośredniczącego
_bn
338 _2rdacarrier
_aWolumin
_bnc
380 _aKsiążki
388 _a1901-2000
388 _a1989-2000
504 _aBibliogr. przy rozdz.
650 4 _aOrganizacja
650 4 _aZarządzanie
658 _aZarządzanie i marketing
856 _uhttp://koha.tu.koszalin.pl/cgi-bin/koha/opac-detail.pl?biblionumber=32963
_yKatalog online BPK
942 _2UKD
_cKS
999 _c32963
_d32963